000 00431nam a2200181Ia 4500
005 20240913125301.0
008 240913s9999||||xx |||||||||||||| ||und||
020 _a0-7166-0094-3
041 _aENGLISH
082 _A030 N4
100 _aWorld Book Inc
245 4 _aThe World Book Encyclopedia (E)
260 _c1994
_bWorld Boo
500 _aREFERENCE
650 _aEncyclopedia
_bGeneral
942 _cREF
999 _c245217
_d245217